Bilecik Bilecik Bilecik Bilecik Bilecik

Dünya gıda günü 2005 sempozyumu : (Record no. 14721)

MARC details
000 -BAŞLIK
Sabit Uzunluktaki Kontrol Alanı 00908nam a22002897a 4500
001 - KONTROL NUMARASI
Control Dosyası 0014758
003 - KONTROL NUMARASI KİMLİĞİ
Kontrol Alanı KOHA_MİRAKIL
005 - EN SON İŞLEM TARİHİ ve ZAMANI
Kontrol Alanı 20260207002006.0
007 - FİZİKSEL TANIM SABİT ALAN - GENEL BİLGİ
Sabit uzunluklu kontrol alanı ta
008 - SABİT UZUNLUKTAKİ VERİ ÖGELERİ - GENEL BİLGİ
Sabit Alan 100308b2005 tu |||gro|||#1|||0|tur |
020 ## - ISBN - ULUSLARARASI STANDART KİTAP NUMARASI
Isbn 999489169X
Kullanılabilirlik koşulları 0,01
040 ## - KATALOGLAMA KAYNAĞI
Özgün Kataloglama Kurumu TR-BiSEU
Kataloglama Dili tur
Çeviri Kurumu TR-BiSEU
Açıklama Kuralları rda
041 0# - DİL KODU
Metin ya da ses kaydının dil kodu tur
044 ## - YAYINLAYAN/ÜRETEN KURULUŞUN ÜLKE KODU
ISO country code tu
050 ## - SINIFLAMA ve YER NUMARASI
Sınıflama Numarası TP370.5
Yer Numarası .D86 2005
111 2# - TOPLANTI ADI
Toplantı Adı Dünya gıda günü 2005 sempozyumu : (14-15 Ekim 2005 Ankara)
9 (RLIN) 34396
245 1# - ESER ADI BİLDİRİMİ
Başlık Dünya gıda günü 2005 sempozyumu :
Alt Eseradı vb. 14-15 Ekim 2005.
264 #1 - ÜRERİM, YAYIN, DAĞITIM ve TELİF BİLDİRİMİ
Yayın yeri Ankara :
Yayınlayan TMMOB Gıda Mühendisleri Odası; Kimya Mühendisleri Odası; Ziraat Mühendisleri Odası
Yayın tarihi 2005
300 ## - FİZİKSEL TANIMLAMA
Sayfa, Cilt vb. VII, 273 sayfa; 24 cm.
336 ## - İÇERİK TÜRÜ
Content type term metin
Content type code txt
Source rdacontent
337 ## - MEDYA TÜRÜ
Media type term aracısız
Media type code n
Source rdamedia
338 ## - TAŞIYICI TÜRÜ
Carrier type term cilt
Carrier type code nc
Source rdacarrier
500 ## - GENEL NOT
Genel Not Kaynakça var.
650 #0 - KONU BAŞLIĞI EK GİRİŞ - KONU TERİMİ
Konusal terim veya coğrafi ad Gıda teknolojisi.
9 (RLIN) 7731
907 ## - LOCAL DATA ELEMENT G, LDG (RLIN)
a Sempozyum
942 ## - EK GİRİŞ ÖGELERİ (KOHA)
Source of classification or shelving scheme Library of Congress Classification
Koha item type Book
Holdings
Materyal Türü Kalıcı Konum Mevcut Konum Raf Yeri Sınıflandırma Kaynağı Edinim Bilgisi Ana Konular Alt Konular Yer Numarası Demirbaş Numarası Fatura Tarihi Geri Çekilme Durumu Kayıp Durumu Hasarlı Durumu Kredi için değil Kayıt Tarih Toplam Ödünçverme Son Görülme Tarihi Son Kontrol Tarihi Genel / Bağış Notu
Book Prof. Dr. Azmi Özcan Kütüphanesi Prof. Dr. Azmi Özcan Kütüphanesi Birûni Salonu Library of Congress Classification Bağış TEKNOLOJİ Kimya Teknolojisi TP370.5 .D86 2005 0014758 13/08/2010         08/03/2010 1 05/12/2024 05/12/2024 Genel Bağış